_Employee benefits A primer for human resource professionals Joseph j.Martocchio (Record no. 15200)
[ view plain ]
| 000 -LEADER | |
|---|---|
| fixed length control field | 00486nam a2200157Ia 4500 |
| 008 - FIXED-LENGTH DATA ELEMENTS--GENERAL INFORMATION | |
| fixed length control field | 151021s9999 xx 000 0 und d |
| 020 ## - INTERNATIONAL STANDARD BOOK NUMBER | |
| International Standard Book Number | 72515481 |
| 050 ## - LIBRARY OF CONGRESS CALL NUMBER | |
| Classification number | HD4928 .N62U637 2003 |
| 245 ## - TITLE STATEMENT | |
| Title | _Employee benefits A primer for human resource professionals Joseph j.Martocchio |
| 260 ## - PUBLICATION, DISTRIBUTION, ETC. (IMPRINT) | |
| Place of publication, distribution, etc. | New york McGraw- Hill 2003 |
| 300 ## - PHYSICAL DESCRIPTION | |
| Extent | xiv,402p.;ill |
| 500 ## - GENERAL NOTE | |
| General note | Includes index |
| 500 ## - GENERAL NOTE | |
| General note | Includes index |
| 650 ## - SUBJECT ADDED ENTRY--TOPICAL TERM | |
| Topical term or geographic name as entry element | _Employee benefits |
| 980 ## - EQUIVALENCE OR CROSS-REFERENCE-SERIES STATEMENT--PERSONAL NAME/TITLE [LOCAL, CANADA] | |
| Personal name | ^d20150709 04:16:10^oanne |
No items available.